000 00303nam a2200133Ia 4500
999 _c6311
_d6311
003 OSt
008 191201s2015 xx 000 0 und d
100 _aBHAVIKATTI,SS
245 0 _aFinite Element Analysis
260 _aN. delhi
_bNew Age
_c2015
300 _a334
650 _aB.Tech(CE)
942 _2ddc
_cBK